• 首页
  • 本馆介绍
  • 公告通知
  • 最新文献
  • 馆藏检索
  • 电子资源
  • 读者导购
  • 参考咨询
  • 我的图书馆
  • 登录
  • 详细信息显示
  • 放入我的书架
  • 预约/预借图书
  • 作者相关作品
  • 分类相关作品
  • 丛书相关作品
  • 出版社相关作品

书目信息

  • 表格格式
  • 工作单格式
  • 卡片格式
题名:
贫困与饥荒
    
 
作者: 印度阿马蒂亚·森 ;王文玉 , 王宇
分册:  
出版信息: 北京   商务印书馆  36892
页数: 317页
开本: 20cm
丛书名:
单 册:
中图分类: F , F113.9
科图分类:
主题词: 经济--世界 , 国际经济关系
电子资源:
ISBN: 7-100-03186-9
000 00683nam0 2200229 450
001 2636430578
005 20260414100748.05
010    @a7-100-03186-9@d¥19.00
100    @a20070819d km y0chiy0120 ea
101 0  @achi
200 1  @a贫困与饥荒@Apin kun yu ji huang@f[印度]阿马蒂亚.森@F[yin du]a ma di ya.sen@g王宇,王文玉@Gwang yu,wang wen yu
210    @a北京@c商务印书馆@d36892
215    @a317页@d20cm
606 0  @a经济@x世界
606 0  @a国际经济关系
690    @aF@v3
690    @aF113.9@v4
701  0 @a印度阿马蒂亚·森@Ayin du a ma di ya·sen
702  0 @a王文玉@Awang wen yu
702  0 @a王宇@Awang yu
801  0 @aCN@bPFT@c20070819
905    @a213230@dF113.9@e243@f1
    
    贫困与饥荒/[印度]阿马蒂亚.森/王宇,王文玉.-北京:商务印书馆,36892
    317页;20cm
    
    
    ISBN 7-100-03186-9:¥19.00
    
●
相关链接 在E读中查询图书 在五车中查询图书 在当当中查询图书 在豆瓣中查询图书


正题名:贫困与饥荒     索取号:F113.9/243         预约/预借

序号 登录号 条形码 馆藏地/架位号 状态 备注
1 1442627   214426272   第一样本阅览室/ [索取号:F113.9/243] 在馆    
唐山师范学院图书馆 欢迎您!
大连网信软件有限公司© 版权所有